| 000 | 00848nas a2200265 i 4500 | ||
|---|---|---|---|
| 001 | 141 | ||
| 003 | ES-MaACL | ||
| 005 | 20250814062528.0 | ||
| 007 | t| | ||
| 008 | 950801d18381846sp | | 1 ||pa d | ||
| 080 | _a622(460) | ||
| 245 | 0 | 0 | _aAnales de minas. |
| 260 |
_aMadrid : _bDirección General de Minas, _c1838-1846 ( _fImp. del Colegio de Sordomudos) |
||
| 300 |
_av. ; _c20 cm. |
||
| 310 | _aAnual | ||
| 362 | 0 | _aT. 1 (1838)-t. 4 (1846) | |
| 500 | _aNo se publicó de 1839-40 y de 1842-44. | ||
| 650 | 4 |
_aInstituciones científicas y diversas _913829 |
|
| 650 | 1 | 4 |
_aMinas- _zEspaña- _yS.XIX. _9149138 |
| 650 |
_aMinas- _xDerecho y legislación- _zEspaña. _9175982 |
||
| 710 | 1 |
_aEspaña. _bDirección General de Minas. _93753 |
|
| 852 |
_aES-MaACL _jR-1876-79. Olim: B-6926-29 |
||
| 866 | 0 | _o1838.1841.1845-46. | |
| 999 |
_c141 _d141 |
||